00966nam a2200229 a 4500001001000000003000500010005001700015008004100032010001100073011001100084040000900095100003700104245015800141260004100299500006000340502011500400650004900515650002800564650002400592650005000616856007000666000112853CHAP20220329144325.0170120s2016 mx a fsm |||||||spa d a109314 a110286 cCHAP1 aMiranda Borbolla, José Alfredo10aCapital social y apertura económica en el desempeño financiero del sector agropecuario mexicano /h[En línea]cpor José Alfredo Miranda Borbolla. aChapingo, Méx. :bEl autor,c2016. aPara ver el contenido del material haga clic en la liga aTesis (Ph.D. en Ciencias en Economía Agrícola) -- UACH. División de Ciencias Económico Administrativas14aAgriculturaxAspectos económicoszMéxico14aEmpresas agropecuarias.14aFinanzasxMéxico.14aGanaderíaxAspectos económicosxMéxico. aFinding aiduhttp://10.13.5.2/tesis/sist112853.pdfzTeclea aquí